[Event "South America-ch U10 16th"]
[Site "Buenos Aires"]
[Date "2019.12.05"]
[Round "8.7"]
[White "Fernandez Mallco, Alejandro Elvis"]
[Black "Ccana Minauro, Wernher Sebastian"]
[Result "0-1"]
[WhiteElo "1260"]
[BlackElo "1272"]
[PlyCount "80"]
[EventDate "2019.12.01"]
[EventType "swiss"]
[EventRounds "9"]
[EventCountry "ARG"]
[SourceTitle "EXT 2024"]
[Source "ChessBase"]
[SourceDate "2023.10.10"]
[SourceVersion "1"]
[SourceVersionDate "2023.10.10"]
[SourceQuality "1"]

1. e4 c5 2. Nf3 d6 3. d4 cxd4 4. Nxd4 Nf6 5. Nc3 a6 6. f3 Qb6 7. Bc4 e6 8. Bb3 Be7 9. Be3 Qc7 10. Qd2 0-0 11. 0-0-0 b5 12. g4 Bb7 13. h4 Nfd7 14. Qe2 b4 15. Na4 Nc6 16. g5 Na5 17. Bxe6 fxe6 18. Nxe6 Qc6 19. Nxf8 Rxf8 20. b3 Ne5 21. Bb6 Nac4 22. Bd4 Na3 23. Bxe5 dxe5 24. Rd2 Kh8 25. Rhd1 Rc8 26. Nb2 h6 27. Nc4 Nxc4 28. Qxc4 Qg6 29. Qe2 hxg5 30. Rd7 gxh4 31. Rxe7 Qg5+ 32. Qd2 Qxe7 33. Qd7 Qxd7 34. Rxd7 h3 35. Rd2 Rc6 36. Rh2 Rh6 37. Kd2 Kg8 38. Ke3 Kf7 39. Kf2 Kg6 40. Kg3 Kg5 0-1